Quiet times for couples : (Record no. 6737)

MARC details
000 -LEADER
fixed length control field 00957cam a2200277 a 4500
001 - CONTROL NUMBER
control field 2470590
003 - CONTROL NUMBER IDENTIFIER
control field OSt
005 - DATE AND TIME OF LATEST TRANSACTION
control field 20190119155628.0
008 - FIXED-LENGTH DATA ELEMENTS--GENERAL INFORMATION
fixed length control field 900410s1990 oru b 000 0 eng
010 ## - LIBRARY OF CONGRESS CONTROL NUMBER
LC control number 90035981
020 ## - INTERNATIONAL STANDARD BOOK NUMBER
International Standard Book Number 0890818169
040 ## - CATALOGING SOURCE
Original cataloging agency DLC
Transcribing agency DLC
Modifying agency DLC
050 00 - LIBRARY OF CONGRESS CALL NUMBER
Classification number BV4596.M3
Item number W75 1990
082 00 - DEWEY DECIMAL CLASSIFICATION NUMBER
Classification number 242.2
Edition number 20
Item number W947O
100 1# - MAIN ENTRY--PERSONAL NAME
Personal name Wright, H. Norman.
245 10 - TITLE STATEMENT
Title Quiet times for couples :
Remainder of title a daily devotional /
Statement of responsibility, etc. [H. Norman Wright].
260 ## - PUBLICATION, DISTRIBUTION, ETC.
Place of publication, distribution, etc. Eugene, Or. :
Name of publisher, distributor, etc. Harvest House Publishers,
Date of publication, distribution, etc. c1990.
300 ## - PHYSICAL DESCRIPTION
Extent 388, [7] p. ;
Dimensions 22 cm.
504 ## - BIBLIOGRAPHY, ETC. NOTE
Bibliography, etc. note Includes bibliographical references (p. [390]-[395]).
650 #0 - SUBJECT ADDED ENTRY--TOPICAL TERM
Topical term or geographic name entry element Spouses
Form subdivision Prayers and devotions.
650 #0 - SUBJECT ADDED ENTRY--TOPICAL TERM
Topical term or geographic name entry element Devotional calendars.
650 #0 - SUBJECT ADDED ENTRY--TOPICAL TERM
Topical term or geographic name entry element Marriage
General subdivision Religious aspects
-- Christianity.
906 ## - LOCAL DATA ELEMENT F, LDF (RLIN)
a 7
b cbc
c orignew
d 1
e ocip
f 19
g y-gencatlg
942 ## - ADDED ENTRY ELEMENTS (KOHA)
Source of classification or shelving scheme Dewey Decimal Classification
Koha item type Books
Holdings
Withdrawn status Lost status Source of classification or shelving scheme Damaged status Not for loan Collection code Home library Current library Shelving location Date acquired Cost, normal purchase price Total Checkouts Full call number Barcode Date last seen Price effective from Koha item type
    Dewey Decimal Classification     Non-fiction Harvest Mission College Harvest Mission College General Stacks 19.01.2019 800.00   242.2 W947O 007975 19.01.2019 19.01.2019 Books

OPAC Designed and Maintained by HMC Library Team.
Copyright © HMC Library,Greater Noida, UP.
For any Suggestions/Query Contact library via Email:libhmc@gmail.com